Sovremennyje metody zaštity informacii = Modern methods for computer security and privacy

Enregistré dans:
Détails bibliographiques
Auteur principal: Hoffman, Lance J. (Auteur)
Format: Livre
Langue:russe
Publié: Moskva : Sovetskoje radio, 1980
Tags: Ajouter un tag
Pas de tags, Soyez le premier à ajouter un tag!

MARC

LEADER 00000nam a22000003a 4500
001 stu124927
005 20150617225903.6
008 060823s1980------------------------rus-d
040 |a STU  |b slo 
041 0 |a rus 
080 |a 681.32.01  |7 stu_us_auth*stu8217 
100 1 |a Hoffman, Lance J.  |4 aut 
245 1 |a Sovremennyje metody zaštity informacii = Modern methods for computer security and privacy 
260 |a Moskva :  |b Sovetskoje radio,  |c 1980 
300 |a 262 s 
996 |b E46651  |c E*46651  |l EE22  |s P  |a 0  |w stu124927_0001